| 000 | nam a22 a 4500 | ||
|---|---|---|---|
| 999 |
_c4046 _d4046 |
||
| 005 | 20170525084923.0 | ||
| 008 | 170525r19871984enkabe || 001 ||eng d | ||
| 020 | _a0710211023 | ||
| 040 | _aAKMAL | ||
| 082 | _a938.5 ROB | ||
| 090 |
_a938.5 _bROB |
||
| 100 |
_aRoberts, J. W. |q (John Willoby), _d1932-2005. _97926 |
||
| 245 |
_a City of Sokrates : _b an introduction to classical Athens _c J.W. Roberts. |
||
| 260 |
_aLondon : _b Routledge & Kegan Paul, _c1984 |g (1987 [printing]) |
||
| 300 |
_a xi,265p. _b ill., maps,plans _c24cm |
||
| 500 | _aBibliography: p253-254. _ Includes index. | ||
| 651 |
_aAthens (Greece) _xSocial life and customs _97927 |
||
| 942 |
_2ddc _cBOOK |
||